Znalostná ekonomika v kontexte s vednou a technickou politikou a inovačnou politikou
Znalostná ekonomika ako ekonomika, ktorá je schopná použitím moderných technológií a vyspelých technologických postupov vytvárať inovatívne produkty. Dôležité nástroje znalostnej ekonomiky: vedná a technická politika, inovačná stratégia a inovačná politika. Informatizácia spoločnosti. Slovensko ako...
Uložené v:
| Hlavný autor: | |
|---|---|
| Médium: | Kapitola |
| Jazyk: | Slovak |
| Predmet: | |
| Tagy: |
Žiadne tagy, Buďte prvý, kto otaguje tento záznam!
|
MARC
| LEADER | 00000nla$a2200000$$$4500 | ||
|---|---|---|---|
| 001 | 0066857 | ||
| 005 | 20240502071810.3 | ||
| 041 | 0 | |a slo | |
| 044 | |a SK | ||
| 245 | 1 | 0 | |a Znalostná ekonomika v kontexte s vednou a technickou politikou a inovačnou politikou |c Vladimír Mikulec |
| 520 | |a Znalostná ekonomika ako ekonomika, ktorá je schopná použitím moderných technológií a vyspelých technologických postupov vytvárať inovatívne produkty. Dôležité nástroje znalostnej ekonomiky: vedná a technická politika, inovačná stratégia a inovačná politika. Informatizácia spoločnosti. Slovensko ako jedna z najmenej výkonných krajín v oblasti inovácií. Príčiny zaostávania SR za priemerom EÚ 15. Potreba kvalitného ľudského kapitálu a kvalitného technického vybavenia. Chýbajúca koordinácia systému inovačnej politiky SR. | ||
| 610 | 2 | 0 | |a politika hospodárska |
| 610 | 2 | 0 | |a ekonomika vedomostná |
| 610 | 2 | 0 | |a inovácia |
| 610 | 2 | 0 | |a pokrok technologický |
| 610 | 2 | 0 | |a kapitál ľudský |
| 610 | 2 | 0 | |a veda |
| 610 | 2 | 0 | |a výskum |
| 610 | 2 | 0 | |a Slovensko |
| 610 | 2 | 0 | |a Európska únia |
| 100 | 1 | |a Mikulec, Vladimír | |